| 000 | 00954naa a2200265 u 4500 | ||
|---|---|---|---|
| 001 | 02982 | ||
| 003 | HDC | ||
| 008 | 201225t20040327my o 000 0 eng | ||
| 040 | _aHDC | ||
| 100 |
_aYaakob Che Man, _cProf. Dr., _eauthor _91590 |
||
| 245 | 0 |
_aOILS AND FATS ANALYSIS - Recent Advances and Future Prospects / _cby Prof. Dr. Yaakob Che Man, |
|
| 260 |
_aSerdang, Selangor : _bUniversiti Putra Malaysia, _c2004 |
||
| 300 | _a36 pages | ||
| 336 |
_atext _2rdacontent |
||
| 337 |
_acomputer _2rdamedia |
||
| 338 |
_aonline resource _2rdacarrier |
||
| 490 | _aSyarahan inaugural | ||
| 650 |
_aOils and fats _xAnalysis _91591 |
||
| 650 |
_aOils and fats _xStandards _91592 |
||
| 650 |
_aOils and fats _xTesting _91593 |
||
| 856 | _zRequest full-text at [email protected] | ||
| 942 | _2lcc | ||
| 942 | _cEBOOK | ||
| 942 | _kEBOK 001441 | ||
| 999 |
_c368 _d368 |
||